[Event "68. Unterfränkische Einzelmeisterschaft 2017"]
[Site "Sailauf in Ufr."]
[Date "2017.04.17"]
[Round "1.1"]
[White "Hofstetter, Hans-Joachim"]
[Black "Ersöz, Can"]
[Result "1-0"]
[BlackElo "2031"]
[WhiteElo "2243"]
[LiveChessVersion "1.4.8"]

1. Nf3 {[%clk 1:30:55]} Nf6 {[%clk 1:30:06]} 2. c4 {[%clk 1:31:22]} g6
{[%clk 1:30:05]} 3. Nc3 {[%clk 1:31:37]} Bg7 {[%clk 1:30:27]} 4. d4
{[%clk 1:32:01]} O-O {[%clk 1:30:17]} 5. Bg5 {[%clk 1:32:08]} c5 {[%clk 1:28:56]}
6. e3 {[%clk 1:31:50]} Nc6 {[%clk 1:20:36]} 7. d5 {[%clk 1:27:19]} Na5
{[%clk 1:14:43]} 8. d6 {[%clk 1:24:57]} Nc6 {[%clk 1:04:35]} 9. Be2
{[%clk 1:09:14]} Ne8 {[%clk 0:42:30]} 10. dxe7 {[%clk 1:03:40]} Nxe7
{[%clk 0:42:51]} 11. O-O {[%clk 1:02:39]} Bxc3 {[%clk 0:40:49]} 12. bxc3
{[%clk 1:03:05]} f6 {[%clk 0:35:35]} 13. Bf4 {[%clk 1:00:54]} d6 {[%clk 0:33:29]}
14. Qd2 {[%clk 1:00:36]} Be6 {[%clk 0:30:56]} 15. Rfd1 {[%clk 0:59:47]} Nc8
{[%clk 0:25:54]} 16. a4 {[%clk 0:56:58]} a5 {[%clk 0:26:02]} 17. Ne1
{[%clk 0:52:04]} Qe7 {[%clk 0:24:28]} 18. Rab1 {[%clk 0:50:35]} Ra7
{[%clk 0:22:41]} 19. Nc2 {[%clk 0:43:31]} b6 {[%clk 0:21:31]} 20. Na3
{[%clk 0:41:24]} Qf7 {[%clk 0:19:47]} 21. Bf3 {[%clk 0:39:48]} g5
{[%clk 0:18:59]} 22. Bg3 {[%clk 0:39:15]} Ng7 {[%clk 0:14:20]} 23. Bd5
{[%clk 0:36:22]} h5 {[%clk 0:11:01]} 24. h3 {[%clk 0:33:37]} Nf5 {[%clk 0:10:57]}
25. Bh2 {[%clk 0:30:12]} Kh8 {[%clk 0:10:08]} 26. e4 {[%clk 0:27:25]} Nfe7
{[%clk 0:07:45]} 27. Bxd6 {[%clk 0:24:18]} Bxd5 {[%clk 0:02:54]} 28. Bxe7
{[%clk 0:23:45]} Bxe4 {[%clk 0:03:19]} 29. Bxf8 {[%clk 0:22:09]} Bxb1
{[%clk 0:03:44]} 30. Qd8 {[%clk 0:21:57]} Bf5 {[%clk 0:03:44]} 31. Bxc5+
{[%clk 0:19:14]} Kh7 {[%clk 0:03:30]} 32. Bxb6 {[%clk 0:17:55]} Nxb6
{[%clk 0:03:06]} 33. Qxb6 {[%clk 0:18:23]} g4 {[%clk 0:01:32]} 34. Rd5
{[%clk 0:15:52]} Be4 {[%clk 0:00:55]} 35. Rxh5+ {[%clk 0:15:41]} Qxh5
{[%clk 0:01:17]} 36. Qxa7+ {[%clk 0:15:58]} Kg6 {[%clk 0:01:36]} 37. Qe3
{[%clk 0:16:00]} f5 {[%clk 0:01:30]} 38. hxg4 {[%clk 0:15:49]} 1-0

[Event "68. Unterfränkische Einzelmeisterschaft 2017"]
[Site "Sailauf in Ufr."]
[Date "2017.04.17"]
[Round "1.2"]
[White "Vogt, Thomas"]
[Black "Kuhn, Tobias"]
[Result "0-1"]
[BlackElo "2207"]
[WhiteElo "2025"]
[LiveChessVersion "1.4.8"]

1. d4 {[%clk 1:30:54]} Nf6 {[%clk 1:30:48]} 2. Nf3 {[%clk 1:31:04]} g6
{[%clk 1:31:07]} 3. Nc3 {[%clk 1:30:34]} d5 {[%clk 1:29:37]} 4. Bf4
{[%clk 1:30:02]} c6 {[%clk 1:23:32]} 5. Qd2 {[%clk 1:24:38]} h6 {[%clk 1:11:02]}
6. e3 {[%clk 1:22:57]} Bg7 {[%clk 1:08:56]} 7. Be2 {[%clk 1:20:59]} Be6
{[%clk 1:07:09]} 8. Ne5 {[%clk 1:06:06]} Nbd7 {[%clk 1:05:28]} 9. h4
{[%clk 0:57:54]} Ne4 {[%clk 0:52:35]} 10. Nxe4 {[%clk 0:51:47]} dxe4
{[%clk 0:51:05]} 11. Nxd7 {[%clk 0:42:49]} Qxd7 {[%clk 0:50:46]} 12. c4
{[%clk 0:41:57]} O-O {[%clk 0:47:50]} 13. O-O {[%clk 0:38:32]} Kh7
{[%clk 0:34:55]} 14. Rfd1 {[%clk 0:37:10]} Bf6 {[%clk 0:32:25]} 15. Bg3
{[%clk 0:35:41]} Rg8 {[%clk 0:21:29]} 16. Rac1 {[%clk 0:29:38]} g5
{[%clk 0:13:14]} 17. h5 {[%clk 0:26:59]} Bg4 {[%clk 0:12:03]} 18. Qc2
{[%clk 0:20:10]} Bxe2 {[%clk 0:10:17]} 19. Qxe2 {[%clk 0:20:31]} Qf5
{[%clk 0:09:07]} 20. d5 {[%clk 0:17:19]} Rad8 {[%clk 0:06:50]} 21. dxc6
{[%clk 0:11:38]} bxc6 {[%clk 0:07:18]} 22. Rxd8 {[%clk 0:06:29]} Rxd8
{[%clk 0:07:42]} 23. Rd1 {[%clk 0:05:23]} Rxd1+ {[%clk 0:07:09]} 24. Qxd1
{[%clk 0:05:47]} Bxb2 {[%clk 0:06:26]} 25. Qd8 {[%clk 0:03:41]} Bf6
{[%clk 0:06:16]} 26. Qd2 {[%clk 0:02:12]} Kg7 {[%clk 0:05:38]} 27. Kf1
{[%clk 0:00:59]} Qg4 {[%clk 0:05:04]} 28. Qc2 {[%clk 0:01:07]} Qxh5
{[%clk 0:05:27]} 29. Kg1 {[%clk 0:00:34]} Qg4 {[%clk 0:05:40]} 30. Qa4
{[%clk 0:00:37]} Qe6 {[%clk 0:02:10]} 31. c5 {[%clk 0:00:35]} Qd7
{[%clk 0:00:56]} 32. Qxe4 {[%clk 0:00:44]} Kg8 {[%clk 0:00:42]} 33. Qb1
{[%clk 0:00:44]} h5 {[%clk 0:00:44]} 34. Qb8+ {[%clk 0:00:38]} Kh7
{[%clk 0:00:56]} 35. Be5 {[%clk 0:00:39]} Kg7 {[%clk 0:00:37]} 36. Bxf6+
{[%clk 0:00:38]} exf6 {[%clk 0:01:06]} 37. Kh2 {[%clk 0:00:37]} h4
{[%clk 0:01:23]} 38. e4 {[%clk 0:00:36]} Qe7 {[%clk 0:00:48]} 39. Qb4
{[%clk 0:00:36]} Qe5+ {[%clk 0:01:05]} 40. Kg1 {[%clk 0:00:34]} Qa1+
{[%clk 0:01:17]} 41. Kh2 {[%clk 0:00:45]} Qxa2 {[%clk 0:00:53]} 42. Qb7
{[%clk 0:27:39]} Qxf2 {[%clk 0:20:01]} 43. Qxc6 {[%clk 0:27:02]} h3
{[%clk 0:19:46]} 44. e5 {[%clk 0:25:37]} fxe5 {[%clk 0:19:15]} 45. Qd5
{[%clk 0:25:05]} hxg2 {[%clk 0:12:50]} 46. Qxe5+ {[%clk 0:23:45]} Kg6
{[%clk 0:12:43]} 47. Qe4+ {[%clk 0:21:02]} Kf6 {[%clk 0:12:55]} 48. Qc6+
{[%clk 0:20:52]} Ke5 {[%clk 0:13:04]} 49. Qd6+ {[%clk 0:19:45]} Ke4
{[%clk 0:13:20]} 50. Qe7+ {[%clk 0:19:04]} Kd4 {[%clk 0:13:24]} 51. Qd6+
{[%clk 0:16:19]} Kc4 {[%clk 0:13:36]} 52. Qa6+ {[%clk 0:16:19]} Kd5
{[%clk 0:10:01]} 53. Qd6+ {[%clk 0:16:31]} Ke4 {[%clk 0:10:17]} 54. Qe7+
{[%clk 0:15:59]} Kd3 {[%clk 0:08:39]} 55. Qd6+ {[%clk 0:14:40]} Kd4 0-1

[Event "68. Unterfränkische Einzelmeisterschaft 2017"]
[Site "Sailauf in Ufr."]
[Date "2017.04.17"]
[Round "1.3"]
[White "Kunz, Konstantin"]
[Black "Schricker, Jochen"]
[Result "1-0"]
[BlackElo "2014"]
[WhiteElo "2199"]
[LiveChessVersion "1.4.8"]

1. d4 {[%clk 1:30:53]} c5 {[%clk 1:30:55]} 2. d5 {[%clk 1:30:44]} d6
{[%clk 1:31:08]} 3. c4 {[%clk 1:30:26]} e5 {[%clk 1:31:13]} 4. e4
{[%clk 1:30:28]} Be7 {[%clk 1:31:25]} 5. Nf3 {[%clk 1:23:29]} Bg4
{[%clk 1:31:14]} 6. Nc3 {[%clk 1:22:41]} a6 {[%clk 1:31:09]} 7. Bd3
{[%clk 1:20:12]} Nd7 {[%clk 1:29:19]} 8. h3 {[%clk 1:17:46]} Bh5 {[%clk 1:28:10]}
9. g4 {[%clk 1:16:31]} Bg6 {[%clk 1:28:18]} 10. a4 {[%clk 1:12:25]} Ngf6
{[%clk 1:21:56]} 11. Be3 {[%clk 1:02:12]} O-O {[%clk 1:18:51]} 12. Qc2
{[%clk 0:52:16]} Ne8 {[%clk 0:58:46]} 13. Ne2 {[%clk 0:49:26]} Nc7
{[%clk 0:57:48]} 14. a5 {[%clk 0:48:45]} Rb8 {[%clk 0:55:03]} 15. Ng3
{[%clk 0:48:35]} b5 {[%clk 0:54:18]} 16. b3 {[%clk 0:42:48]} bxc4
{[%clk 0:50:12]} 17. bxc4 {[%clk 0:43:13]} f6 {[%clk 0:47:18]} 18. h4
{[%clk 0:42:36]} Rb7 {[%clk 0:43:11]} 19. h5 {[%clk 0:42:24]} Be8
{[%clk 0:42:41]} 20. Nf5 {[%clk 0:39:32]} Rf7 {[%clk 0:42:44]} 21. g5
{[%clk 0:37:22]} fxg5 {[%clk 0:41:55]} 22. Nxe7+ {[%clk 0:36:55]} Qxe7
{[%clk 0:41:56]} 23. Nxg5 {[%clk 0:36:31]} Rf8 {[%clk 0:41:24]} 24. h6
{[%clk 0:36:09]} g6 {[%clk 0:41:00]} 25. Rb1 {[%clk 0:30:44]} Rb4
{[%clk 0:34:38]} 26. Bd2 {[%clk 0:29:07]} Rxb1+ {[%clk 0:25:55]} 27. Qxb1
{[%clk 0:29:32]} Nf6 {[%clk 0:26:10]} 28. Qb6 {[%clk 0:17:43]} Nh5
{[%clk 0:23:06]} 29. Qb7 {[%clk 0:13:16]} Qd7 {[%clk 0:16:42]} 30. Bf1
{[%clk 0:11:10]} Nf4 {[%clk 0:14:03]} 31. Bxf4 {[%clk 0:09:50]} Rxf4
{[%clk 0:14:19]} 32. Bh3 {[%clk 0:09:19]} Qd8 {[%clk 0:08:48]} 33. Ne6
{[%clk 0:05:54]} Nxe6 {[%clk 0:09:03]} 34. dxe6 {[%clk 0:05:58]} Qf6
{[%clk 0:08:49]} 35. Rg1 {[%clk 0:05:07]} Rxf2 {[%clk 0:05:33]} 36. Qc8
{[%clk 0:03:45]} Kf8 {[%clk 0:03:48]} 37. e7+ {[%clk 0:03:45]} Kxe7
{[%clk 0:04:17]} 38. Qc7+ {[%clk 0:03:59]} Kf8 {[%clk 0:04:46]} 39. Qg7+
{[%clk 0:04:09]} 1-0

[Event "68. Unterfränkische Einzelmeisterschaft 2017"]
[Site "Sailauf in Ufr."]
[Date "2017.04.17"]
[Round "1.4"]
[White "Gould, Charles"]
[Black "Kuhn, Norbert"]
[Result "1-0"]
[BlackElo "2117"]
[WhiteElo "2006"]
[LiveChessVersion "1.4.8"]

1. f4 {[%clk 1:30:42]} g6 {[%clk 1:28:45]} 2. e4 {[%clk 1:29:18]} Bg7
{[%clk 1:28:34]} 3. Nf3 {[%clk 1:28:15]} c5 {[%clk 1:27:50]} 4. d3
{[%clk 1:27:51]} Nc6 {[%clk 1:27:52]} 5. g3 {[%clk 1:28:06]} e5 {[%clk 1:26:26]}
6. Nc3 {[%clk 1:25:37]} Nge7 {[%clk 1:23:52]} 7. Bg2 {[%clk 1:24:32]} O-O
{[%clk 1:15:14]} 8. O-O {[%clk 1:24:32]} d6 {[%clk 1:07:14]} 9. Be3
{[%clk 1:21:10]} h6 {[%clk 0:54:06]} 10. fxe5 {[%clk 1:19:08]} Bg4
{[%clk 0:40:28]} 11. exd6 {[%clk 1:15:48]} Qxd6 {[%clk 0:38:53]} 12. Qd2
{[%clk 1:12:25]} Kh7 {[%clk 0:38:42]} 13. Rae1 {[%clk 1:07:15]} Nd4
{[%clk 0:32:48]} 14. Bf4 {[%clk 1:03:46]} Nxf3+ {[%clk 0:27:49]} 15. Bxf3
{[%clk 1:03:57]} Qd7 16. Bxg4 {[%clk 1:00:17]} Qxg4 {[%clk 0:27:52]} 17. Kg2
{[%clk 0:59:16]} Qd7 {[%clk 0:26:59]} 18. Nd1 {[%clk 0:55:57]} Rad8
{[%clk 0:25:17]} 19. Rf3 {[%clk 0:53:08]} Qa4 {[%clk 0:22:09]} 20. Nc3 Qc6
{[%clk 0:20:34]} 21. Ref1 {[%clk 0:46:34]} c4 {[%clk 0:16:32]} 22. Kg1
{[%clk 0:42:50]} a6 {[%clk 0:12:56]} 23. g4 b5 {[%clk 0:06:56]} 24. Rh3
{[%clk 0:39:36]} Qe6 {[%clk 0:02:04]} 25. Rff3 {[%clk 0:39:25]} 1-0

[Event "68. Unterfränkische Einzelmeisterschaft 2017"]
[Site "Sailauf in Ufr."]
[Date "2017.04.17"]
[Round "1.5"]
[White "Basel, Matthias"]
[Black "Grod, Andreas"]
[Result "1-0"]
[BlackElo "2005"]
[WhiteElo "2090"]
[LiveChessVersion "1.4.8"]

1. d4 d5 2. Nf3 Nf6 3. c4 e6 4. Nc3 Be7 5. Bf4 c6 6. e3 O-O 7. h3 Nbd7 8. Be2
dxc4 9. Bxc4 b5 10. Bd3 a6 11. O-O Bb7 12. Qe2 c5 13. dxc5 Nxc5 14. Bc2 Qb6 15.
Bg5 h6 16. Bh4 Rfe8 17. Rfd1 Nfe4 18. Nxe4 Nxe4 19. Bxe7 Rxe7 20. Rd4 Nf6 21.
Rad1 Rc8 22. Bb1 {[%clk 0:28:54]} e5 {[%clk 0:26:43]} 23. Rd6 {[%clk 0:25:23]}
Qc7 {[%clk 0:26:15]} 24. Bf5 {[%clk 0:16:06]} Rce8 {[%clk 0:21:50]} 25. Nh4
{[%clk 0:10:14]} Ne4 {[%clk 0:13:48]} 26. R6d3 {[%clk 0:05:14]} Qb6
{[%clk 0:06:27]} 27. Bxe4 {[%clk 0:02:25]} Bxe4 {[%clk 0:06:42]} 28. Rd6
{[%clk 0:02:49]} Qb7 {[%clk 0:06:18]} 29. f3 {[%clk 0:02:59]} Bh7
{[%clk 0:05:15]} 30. e4 {[%clk 0:03:00]} Qc8 {[%clk 0:04:43]} 31. g4
{[%clk 0:02:24]} Rc7 {[%clk 0:04:31]} 32. Ng2 {[%clk 0:01:30]} Rc2
{[%clk 0:04:41]} 33. R1d2 {[%clk 0:01:55]} Qc5+ {[%clk 0:04:46]} 34. Qe3
{[%clk 0:02:06]} Qc4 {[%clk 0:03:45]} 35. Qb3 {[%clk 0:01:48]} Rc1+
{[%clk 0:03:05]} 36. Kh2 {[%clk 0:01:26]} Qc8 {[%clk 0:01:49]} 37. Rd7
{[%clk 0:01:14]} Bg6 {[%clk 0:01:50]} 38. Qd5 {[%clk 0:00:38]} Kh7
{[%clk 0:01:08]} 39. h4 {[%clk 0:00:31]} h5 {[%clk 0:01:17]} 40. Ne3
{[%clk 0:00:37]} Re1 {[%clk 0:01:20]} 41. Rc2 {[%clk 0:24:09]} Qb8
{[%clk 0:28:53]} 42. Ng2 {[%clk 0:17:56]} Rf1 {[%clk 0:26:03]} 43. Qd3
{[%clk 0:17:30]} Ra1 {[%clk 0:26:15]} 44. Rc6 {[%clk 0:07:59]} Qa8
{[%clk 0:16:34]} 45. Rcc7 {[%clk 0:05:15]} Rc8 {[%clk 0:13:15]} 46. Qd6
{[%clk 0:04:52]} Rxc7 {[%clk 0:13:07]} 47. Qxc7 {[%clk 0:05:04]} Qf8
{[%clk 0:10:49]} 48. Rd8 {[%clk 0:04:14]} Qb4 {[%clk 0:09:21]} 49. gxh5
{[%clk 0:02:56]} Bxh5 {[%clk 0:08:39]} 50. Qxe5 {[%clk 0:02:53]} 1-0

[Event "68. Unterfränkische Einzelmeisterschaft 2017"]
[Site "Sailauf in Ufr."]
[Date "2017.04.17"]
[Round "1.6"]
[White "Helm, Timo"]
[Black "Braeutigam, Thomas"]
[Result "0-1"]
[BlackElo "2069"]
[WhiteElo "1999"]
[LiveChessVersion "1.4.8"]

1. e4 {[%clk 1:30:59]} c5 {[%clk 1:30:37]} 2. Nc3 {[%clk 1:31:23]} e6
{[%clk 1:28:59]} 3. g3 {[%clk 1:27:36]} Nc6 {[%clk 1:28:56]} 4. Bg2
{[%clk 1:27:41]} g6 {[%clk 1:25:34]} 5. Nge2 {[%clk 1:23:25]} Bg7
{[%clk 1:22:07]} 6. d3 {[%clk 1:23:36]} Nge7 {[%clk 1:21:52]} 7. O-O
{[%clk 1:19:56]} d6 {[%clk 1:19:39]} 8. Be3 {[%clk 1:15:37]} O-O {[%clk 1:18:27]}
9. Qd2 {[%clk 1:15:21]} Nd4 {[%clk 1:18:34]} 10. Nd1 {[%clk 1:03:12]} Nxe2+
{[%clk 1:09:12]} 11. Qxe2 {[%clk 1:03:30]} Rb8 {[%clk 1:09:13]} 12. Qd2
{[%clk 1:02:22]} Nc6 {[%clk 1:05:08]} 13. Bh6 {[%clk 0:59:16]} Re8
{[%clk 0:45:49]} 14. Bxg7 {[%clk 0:59:36]} Kxg7 {[%clk 0:46:13]} 15. Ne3
{[%clk 0:54:59]} e5 {[%clk 0:38:13]} 16. f4 {[%clk 0:51:51]} f6 {[%clk 0:34:38]}
17. Rf2 {[%clk 0:44:07]} Be6 {[%clk 0:27:15]} 18. f5 {[%clk 0:42:30]} gxf5
{[%clk 0:24:54]} 19. Nxf5+ {[%clk 0:42:31]} Bxf5 {[%clk 0:24:54]} 20. Rxf5
{[%clk 0:42:37]} Ne7 {[%clk 0:23:09]} 21. Rh5 {[%clk 0:42:40]} Ng8
{[%clk 0:23:25]} 22. Rf1 {[%clk 0:41:26]} Rf8 {[%clk 0:20:09]} 23. Bh3
{[%clk 0:40:53]} Qe8 {[%clk 0:18:45]} 24. Qe2 {[%clk 0:39:56]} Nh6
{[%clk 0:15:52]} 25. Bf5 {[%clk 0:33:19]} Nxf5 {[%clk 0:13:39]} 26. Rfxf5
{[%clk 0:33:39]} Rf7 {[%clk 0:10:22]} 27. Qg4+ {[%clk 0:22:08]} Kh8
{[%clk 0:10:20]} 28. Qh4 {[%clk 0:22:14]} Qe7 {[%clk 0:09:52]} 29. g4
{[%clk 0:20:34]} Rbf8 {[%clk 0:09:27]} 30. Rh6 {[%clk 0:20:18]} b6
{[%clk 0:05:09]} 31. Qf2 {[%clk 0:18:50]} Kg7 {[%clk 0:05:15]} 32. Rfh5
{[%clk 0:18:59]} Rh8 {[%clk 0:04:59]} 33. Qf5 {[%clk 0:19:14]} Kg8
{[%clk 0:05:13]} 34. Rh3 {[%clk 0:19:21]} Qf8 {[%clk 0:04:30]} 35. Rf3
{[%clk 0:16:57]} Qxh6 {[%clk 0:04:40]} 36. g5 {[%clk 0:16:58]} Qg6
{[%clk 0:04:07]} 37. Qe6 {[%clk 0:14:28]} fxg5 {[%clk 0:03:53]} 38. Qe8+
{[%clk 0:13:14]} Kg7 {[%clk 0:04:10]} 0-1

[Event "68. Unterfränkische Einzelmeisterschaft 2017"]
[Site "Sailauf in Ufr."]
[Date "2017.04.17"]
[Round "1.7"]
[White "Mueller, Lutz"]
[Black "Eichenauer, Pascal"]
[Result "1-0"]
[BlackElo "1816"]
[WhiteElo "2043"]
[LiveChessVersion "1.4.8"]

1. d4 {[%clk 1:30:35]} d5 {[%clk 1:30:55]} 2. Nf3 {[%clk 1:31:00]} Nf6
{[%clk 1:31:20]} 3. e3 {[%clk 1:31:28]} Bg4 {[%clk 1:30:30]} 4. h3
{[%clk 1:30:11]} Bf5 {[%clk 1:30:28]} 5. c4 {[%clk 1:30:21]} e6 {[%clk 1:29:52]}
6. Nc3 {[%clk 1:29:33]} c6 {[%clk 1:27:07]} 7. g4 {[%clk 1:27:09]} Bg6
{[%clk 1:27:21]} 8. Ne5 {[%clk 1:24:11]} Bd6 {[%clk 1:20:45]} 9. h4
{[%clk 1:23:16]} h5 {[%clk 1:16:28]} 10. Nxg6 {[%clk 1:23:27]} fxg6
{[%clk 1:16:44]} 11. g5 {[%clk 1:21:49]} Ng4 {[%clk 1:15:00]} 12. Bd3 O-O
{[%clk 1:15:00]} 13. f4 e5 {[%clk 1:15:00]} 14. dxe5 Bxe5 {[%clk 1:15:00]} 15.
Bxg6 Qe7 {[%clk 1:15:00]} 16. O-O Qe6 {[%clk 1:15:00]} 17. Bxh5 Nxe3
{[%clk 1:15:00]} 18. Bxe3 Bxc3 {[%clk 1:15:00]} 19. Bc5 Qh3 {[%clk 1:15:00]} 20.
Qf3 Qxf3 {[%clk 1:15:00]} 21. Rxf3 Nd7 {[%clk 1:15:00]} 22. Bxf8 Bd4+
{[%clk 1:15:00]} 23. Kg2 Rxf8 {[%clk 1:15:00]} 24. cxd5 c5 {[%clk 1:15:00]} 25.
Rb1 Nb6 {[%clk 1:15:00]} 26. Bg4 Rd8 {[%clk 1:15:00]} 27. Be6+ Kh7
{[%clk 1:15:00]} 28. b3 Nxd5 {[%clk 1:15:00]} 29. Bxd5 Rxd5 {[%clk 1:15:00]} 30.
h5 b5 {[%clk 1:15:00]} 31. Kg3 c4 {[%clk 1:15:00]} 32. bxc4 bxc4 {[%clk 1:15:00]}
33. Kg4 Rc5 {[%clk 1:15:00]} 34. g6+ 1-0

[Event "68. Unterfränkische Einzelmeisterschaft 2017"]
[Site "Sailauf in Ufr."]
[Date "2017.04.17"]
[Round "1.8"]
[White "Drewes, Thomas"]
[Black "Hamlack, Heinz"]
[Result "0-1"]
[BlackElo "2003"]
[WhiteElo "1804"]
[LiveChessVersion "1.4.8"]

1. d4 c5 2. d5 e5 3. e4 d6 4. Nf3 Be7 5. Bd3 a6 6. c4 Nd7 7. Nc3 Nf8 8. Be3 Nf6
9. h3 Ng6 10. O-O O-O 11. Nd2 Bd7 12. Ne2 Nh5 13. Ng3 Nhf4 14. Be2 Nh4 15. Bf3
Bg5 16. Bxf4 Bxf4 17. Be2 Qg5 18. Nf3 Nxf3+ 19. Bxf3 Bxg3 20. fxg3 Qxg3 21. Qe1
Qxe1 22. Raxe1 b5 23. b3 Rfb8 24. Be2 b4 25. Rf3 a5 26. Ref1 Rf8 27. Bd1 a4 28.
bxa4 Bxa4 29. R3f2 Bxd1 30. Rxd1 Ra3 31. Rdd2 Rfa8 32. Rfe2 Rf8 {[%clk 1:09:04]}
33. Rf2 {[%clk 0:20:14]} Rfa8 {[%clk 1:04:05]} 34. Rfe2 {[%clk 0:20:05]} Rc3
{[%clk 1:03:37]} 35. Rc2 {[%clk 0:20:00]} Raa3 {[%clk 1:03:41]} 36. Kf2
{[%clk 0:18:16]} g6 {[%clk 1:02:31]} 37. Ke1 {[%clk 0:18:07]} Kg7
{[%clk 1:02:40]} 38. Kf2 {[%clk 0:17:40]} f5 {[%clk 1:03:07]} 39. exf5
{[%clk 0:17:24]} gxf5 {[%clk 1:03:19]} 40. Ke1 {[%clk 0:16:19]} Kf6
{[%clk 1:03:20]} 41. Kf2 {[%clk 0:15:46]} e4 {[%clk 1:03:38]} 42. Kg1
{[%clk 0:16:02]} Rxc2 {[%clk 1:04:06]} 43. Rxc2 Rc3 0-1

[Event "68. Unterfränkische Einzelmeisterschaft 2017"]
[Site "Sailauf in Ufr."]
[Date "2017.04.18"]
[Round "2.1"]
[White "Basel, Matthias"]
[Black "Hofstetter, Hans-Joachim"]
[Result "0-1"]
[BlackElo "2243"]
[WhiteElo "2090"]
[LiveChessVersion "1.4.8"]

1. d4 {[%clk 1:30:57]} Nf6 {[%clk 1:30:58]} 2. Nf3 {[%clk 1:31:21]} d5
{[%clk 1:30:57]} 3. c4 {[%clk 1:31:42]} c6 {[%clk 1:31:24]} 4. Nc3
{[%clk 1:29:52]} g6 {[%clk 1:14:41]} 5. e3 {[%clk 1:20:43]} Bg7 {[%clk 1:05:34]}
6. b3 {[%clk 1:18:28]} O-O {[%clk 1:02:28]} 7. Be2 {[%clk 1:18:11]} c5
{[%clk 0:58:25]} 8. O-O {[%clk 1:13:57]} Nc6 {[%clk 0:53:38]} 9. Bb2
{[%clk 0:58:56]} cxd4 {[%clk 0:51:58]} 10. exd4 {[%clk 0:57:05]} Bg4
{[%clk 0:49:05]} 11. c5 {[%clk 0:46:17]} Ne4 {[%clk 0:40:31]} 12. Na4
{[%clk 0:39:54]} Qc7 {[%clk 0:32:48]} 13. h3 {[%clk 0:35:32]} Bxf3
{[%clk 0:30:13]} 14. Bxf3 {[%clk 0:35:49]} f5 {[%clk 0:30:25]} 15. b4
{[%clk 0:24:31]} a6 {[%clk 0:25:26]} 16. Bxe4 {[%clk 0:21:05]} fxe4
{[%clk 0:25:34]} 17. Qb3 {[%clk 0:21:04]} e6 {[%clk 0:23:22]} 18. Rad1
{[%clk 0:21:23]} Rf5 {[%clk 0:22:18]} 19. Qc3 {[%clk 0:14:25]} Raf8
{[%clk 0:20:38]} 20. Bc1 {[%clk 0:13:49]} e5 {[%clk 0:19:15]} 21. dxe5
{[%clk 0:12:45]} Nxe5 {[%clk 0:19:13]} 22. Qb3 {[%clk 0:12:14]} Nd3
{[%clk 0:18:15]} 23. Be3 {[%clk 0:10:47]} Qf7 {[%clk 0:16:51]} 24. Rxd3
{[%clk 0:02:19]} exd3 {[%clk 0:17:13]} 25. Qxd3 {[%clk 0:02:48]} d4 0-1

[Event "68. Unterfränkische Einzelmeisterschaft 2017"]
[Site "Sailauf in Ufr."]
[Date "2017.04.18"]
[Round "2.2"]
[White "Kuhn, Tobias"]
[Black "Amtmann, Florian"]
[Result "1/2-1/2"]
[BlackElo "2047"]
[WhiteElo "2207"]
[LiveChessVersion "1.4.8"]

1. Nf3 d6 2. d4 Nf6 3. Nc3 d5 4. Bf4 e6 5. Nb5 Na6 6. e3 c6 7. Nc3 Bb4 8. Bxa6
bxa6 9. O-O O-O 10. Ne5 Bb7 11. Na4 Nd7 12. Nxd7 Qxd7 13. Nc5 Bxc5 14. dxc5 Rfe8
15. Qg4 f6 16. Bd6 Bc8 17. Rac1 e5 18. Qxd7 Bxd7 19. f3 Bf5 20. Kf2 Rad8 21. Ke2
Rd7 22. Kd2 Rb7 23. b3 Kf7 24. c4 Be6 25. cxd5 Bxd5 26. e4 Be6 27. Kc3 Rd8 28.
Rf2 Rdd7 29. Rb1 Rd8 30. f4 exf4 31. Rxf4 Kg6 32. Re1 Re8 33. Re3 h6 34. e5 Bd5
35. Rg3+ Kf7 36. exf6 gxf6 37. Rfg4 Ke6 38. Re3+ Kf7 39. Reg3 Ke6 40. Rg6 Rh8 41.
h4 h5 42. Rg7 Rh7 43. Re3+ Kf5 44. Rxh7 Rxh7 45. g3 Rb7 46. Kb2 Kg6 47. Ka3 Kf7
48. Ka4 Be6 49. Re4 Bc8 50. Rb4 Rb5 51. Rxb5 axb5+ 52. Ka5 Ke6 53. Bb8 a6 54. Kb6
Kd5 55. Bd6 f5 56. Bf8 b4 57. Bd6 f4 58. Bxf4 Bf5 59. Kxa6 Bb1 60. Ka5 Kxc5 61.
Be3+ Kd5 62. Kxb4 Bxa2 63. Kc3 Bb1 1/2-1/2

[Event "68. Unterfränkische Einzelmeisterschaft 2017"]
[Site "Sailauf in Ufr."]
[Date "2017.04.18"]
[Round "2.3"]
[White "Braeutigam, Thomas"]
[Black "Kunz, Konstantin"]
[Result "1-0"]
[BlackElo "2199"]
[WhiteElo "2069"]
[LiveChessVersion "1.4.8"]

1. Nf3 {[%clk 1:30:44]} c5 {[%clk 1:28:37]} 2. g3 {[%clk 1:27:36]} b6
{[%clk 1:28:38]} 3. Bg2 {[%clk 1:27:58]} Bb7 {[%clk 1:29:04]} 4. O-O
{[%clk 1:28:14]} Nf6 {[%clk 1:28:05]} 5. d3 {[%clk 1:25:25]} d6 {[%clk 1:24:45]}
6. e4 {[%clk 1:24:31]} g6 {[%clk 1:22:08]} 7. Nbd2 {[%clk 1:13:19]} Nbd7
{[%clk 1:21:06]} 8. Re1 {[%clk 1:10:59]} Bg7 {[%clk 1:19:07]} 9. Nf1
{[%clk 1:09:21]} O-O {[%clk 1:18:34]} 10. h3 {[%clk 1:06:52]} c4 {[%clk 1:08:56]}
11. N3h2 {[%clk 0:54:55]} Nc5 {[%clk 0:43:10]} 12. Ne3 {[%clk 0:46:26]} cxd3
{[%clk 0:40:51]} 13. cxd3 {[%clk 0:46:38]} a5 {[%clk 0:35:34]} 14. Rb1
{[%clk 0:40:32]} e6 {[%clk 0:30:02]} 15. Nhg4 {[%clk 0:35:33]} Nfd7
{[%clk 0:24:11]} 16. Nc4 {[%clk 0:34:37]} h5 {[%clk 0:22:08]} 17. Nh2
{[%clk 0:31:54]} Ne5 {[%clk 0:20:30]} 18. Nxd6 {[%clk 0:23:39]} Qxd6
{[%clk 0:17:07]} 19. d4 {[%clk 0:23:43]} Rfd8 {[%clk 0:08:40]} 20. Bg5
{[%clk 0:16:51]} Qxd4 {[%clk 0:05:59]} 21. Bxd8 {[%clk 0:16:49]} Rxd8
{[%clk 0:05:39]} 22. Nf3 {[%clk 0:10:17]} Nxf3+ {[%clk 0:05:20]} 23. Qxf3
{[%clk 0:10:33]} Qe5 {[%clk 0:04:41]} 24. b4 {[%clk 0:10:23]} axb4
{[%clk 0:04:43]} 25. Rxb4 {[%clk 0:08:45]} Qc3 {[%clk 0:02:37]} 26. Reb1
{[%clk 0:08:56]} Rd3 {[%clk 0:02:42]} 27. Qf4 {[%clk 0:07:24]} Be5
{[%clk 0:02:10]} 28. Qg5 {[%clk 0:06:28]} Nd7 {[%clk 0:01:23]} 29. R4b3
{[%clk 0:03:19]} Qd4 {[%clk 0:01:45]} 30. Rxd3 {[%clk 0:03:09]} Qxd3
{[%clk 0:02:11]} 31. Qd8+ {[%clk 0:03:29]} Kg7 {[%clk 0:02:04]} 32. Rxb6
{[%clk 0:03:20]} Bd4 {[%clk 0:01:08]} 33. Rxb7 {[%clk 0:03:31]} Qxg3 34. Rb1
{[%clk 0:02:19]} Qxf2+ {[%clk 0:01:20]} 35. Kh1 {[%clk 0:02:26]} Nf6
{[%clk 0:01:13]} 36. Rd1 {[%clk 0:01:51]} Be5 {[%clk 0:01:33]} 37. Qd3
{[%clk 0:01:25]} Qxa2 {[%clk 0:01:43]} 38. Rf1 {[%clk 0:01:26]} h4
{[%clk 0:01:43]} 39. Qf3 {[%clk 0:01:40]} Qa7 {[%clk 0:01:29]} 40. Qf2
{[%clk 0:01:46]} Qc7 {[%clk 0:01:22]} 41. Bf3 {[%clk 0:30:00]} Qc4
{[%clk 0:27:09]} 42. Qg2 {[%clk 0:29:13]} Bg3 {[%clk 0:25:12]} 43. Rd1
{[%clk 0:28:03]} Qa4 {[%clk 0:24:33]} 44. Qb2 {[%clk 0:27:07]} Qa5
{[%clk 0:22:18]} 45. Rf1 {[%clk 0:19:20]} Qg5 {[%clk 0:21:43]} 46. Qd4
{[%clk 0:16:23]} Qb5 {[%clk 0:15:35]} 47. Qxf6+ {[%clk 0:13:28]} Kh6
{[%clk 0:10:25]} 48. Bg2 1-0